00327nam a2200109Ia 4500008004100000082000800041100001500049245003700064942000600101952009500107999001500202240331s9999 xx 000 0 und d bJAY aJayarasa,S 0aElakkiyath thiranaivu kotpatukal cL 001040708LaWERCLbWERCLcSSCd2024-03-31l0o 800 JAYp6544r2024-03-31w2024-03-31yL c4630d4630